000 00421nam a22001571a 4500
082 _aH300 9
_bGEO/S
100 _aGeorge P I
245 _aShekhar Joshi ki kahaniyam aur maddhya vargh/
_cby George P I
260 _aKarikad:
_bAtma Poshini,
_c2006.
300 _a179p.
650 _aNovel Shekhar Joshi Criticism
650 _aNovel Hindi Criticism
650 _aLiterature Hindi
650 _aLiterature
942 _cBK
999 _c41750
_d41750